Cuentos + cuentos /

Guardado en:
Formato: Libro
Publicado: Buenos Aires : Letra impresa, 2009
Materias:
Etiquetas: Agregar Etiqueta
Sin Etiquetas, Sea el primero en etiquetar este registro!
LEADER 01034nam a22002295a 4500
001 CEM.cems013454
008 130507s2009##################000#0#####d
005 20260616145311.0
245 0 0 |a Cuentos + cuentos /  |c  Nathaniel Hawthorne ... [et Al.] 
260 |a Buenos Aires :  |b Letra impresa,  |c 2009 
300 |a 112 p. 
505 0 |a El pan duro de esa bruja / O. Henry -- Las tres muertes del señor Higginbothan / Nathaniel Hawthorne -- El pozo / Ricardo Guiraldes -- La mendiga de Locarno / Heinrich von Kleist -- Los ladrones de cadáveres / Robert Louis Stevenson -- El nuevo acelerador / Herbert George Wells -- El hombre sin cuerpo / Edward Page Mitchell 
020 |a 9789871565115 
082 0 4 |a 808.8 
653 |a Literatura 
653 |a Antologia literaria 
653 |a Cuentos 
653 |a Cuentos realistas 
653 |a Cuentos fantásticos 
653 |a Cuentos de ciencia ficción 
859 |a CEMS  |b BIB. CEMS - 11 de abril  |h 808.8  |i C894  |p 26071.10  |t Ej.1 
859 |a CEMS  |b BIB. CEMS - 11 de abril  |h 808.8LS1  |i C894  |p 26859.14  |t Ej.2